000 00383nam a2200157Ia 4500
003 Ost
005 20260225132539.0
008 260225s9999||||xx |||||||||||||| ||und||
040 _cfsic
041 _afre
082 _a956.7
100 _aG.beaugé et de Jf clément
_eAuteur
245 0 _aL'image dans le monde arabe /
245 0 _cG.beaugé et de Jf clément
942 _cكتاب
999 _c33375
_d33375